| 000 | 00747nac a22002535a 4500 | ||
|---|---|---|---|
| 008 | 150816r19861954ii3a f 001 0 eng d | ||
| 020 | _a8123904726 | ||
| 022 | _a0713136227 | ||
| 040 |
_aEG-ScBUE _beng _cEG-ScBUE |
||
| 082 | 0 | 4 |
_a621.75 _bCHA _222 |
| 100 | 1 | _aChapman, W. A. J. | |
| 245 | 1 | 0 |
_aWorkshop technology.Part 3 / _bW.A.J. Chapman. |
| 250 | _a3rd ed. | ||
| 260 |
_aNew Delhi : _bCBS Publishers and Distributors, _c1986. |
||
| 300 |
_a674p. : _bill; _c20cm. |
||
| 500 | _aIndex : p. 669-675 | ||
| 590 | _aCatalogued by : Mostafa El-Helaly | ||
| 650 |
_aWorkshops. _2BUEsh |
||
| 650 |
_aWorkshop practice _2BUEsh |
||
| 651 | _2BUEsh | ||
| 653 | _cAugust2015 | ||
| 700 |
_aChapman, W. A. J. _eauthor. |
||
| 942 |
_cBB _k670.423CHA _2ddc |
||
| 999 |
_c2925 _d2925 |
||